Dogsong / (Record no. 2657)

MARC details
000 -LEADER
fixed length control field 00993pam a2200301 a 4500
005 - DATE AND TIME OF LATEST TRANSACTION
control field 20240109084458.0
020 ## - INTERNATIONAL STANDARD BOOK NUMBER
International Standard Book Number 9781416939191 (pbk.)
020 ## - INTERNATIONAL STANDARD BOOK NUMBER
International Standard Book Number 1416939199 (pbk.)
040 ## - CATALOGING SOURCE
Original cataloging agency DLC
Transcribing agency DLC
Modifying agency DLC
Language of cataloging eng
050 00 - LIBRARY OF CONGRESS CALL NUMBER
Classification number PZ7.P2843
Item number Do 2007
082 00 - DEWEY DECIMAL CLASSIFICATION NUMBER
Classification number 813.54
Edition number 22
100 1# - MAIN ENTRY--PERSONAL NAME
Personal name Paulsen, Gary
245 10 - TITLE STATEMENT
Title Dogsong /
Statement of responsibility, etc. Gary Paulsen
250 ## - EDITION STATEMENT
Edition statement First Scholastc printing, September 1990
260 ## - PUBLICATION, DISTRIBUTION, ETC.
Place of publication, distribution, etc. New York :
Name of publisher, distributor, etc. Scholastic,
Date of publication, distribution, etc. 2007
300 ## - PHYSICAL DESCRIPTION
Extent 162 pages ;
Dimensions 18 cm
505 ## - FORMATTED CONTENTS NOTE
Formatted contents note Z
520 ## - SUMMARY, ETC.
Summary, etc. A fourteen-year-old Eskimo boy who feels at odds with aspects of modern life takes a 1400-mile journey by dog sled across ice, tundra, and mountains seeking his own "song" of himself.
521 ## - TARGET AUDIENCE NOTE
Target audience note 930
Source Lexile
521 ## - TARGET AUDIENCE NOTE
Target audience note Z
Source Raz-Plus
650 #0 - SUBJECT ADDED ENTRY--TOPICAL TERM
Topical term or geographic name entry element Eskimos
Form subdivision Juvenile fiction.
650 #1 - SUBJECT ADDED ENTRY--TOPICAL TERM
Topical term or geographic name entry element Eskimos
Form subdivision Fiction.
650 #1 - SUBJECT ADDED ENTRY--TOPICAL TERM
Topical term or geographic name entry element Dogsledding
Form subdivision Fiction.
650 #1 - SUBJECT ADDED ENTRY--TOPICAL TERM
Topical term or geographic name entry element Self-perception
Form subdivision Fiction.
906 ## - LOCAL DATA ELEMENT F, LDF (RLIN)
a 7
b cbc
c origcop
d 2
e ncip
f 20
g y-gencatlg
942 ## - ADDED ENTRY ELEMENTS (KOHA)
Source of classification or shelving scheme Dewey Decimal Classification
Koha item type Books
Suppress in OPAC No
999 ## -
-- 2657
-- 2657
Holdings
Withdrawn status Lost status Source of classification or shelving scheme Damaged status Not for loan Collection Home library Current library Shelving location Date acquired Total Checkouts Full call number Barcode Date last seen Copy number Price effective from Koha item type
    Dewey Decimal Classification     Fiction Footprints International School Library Network Toul Kork Campus Footprints International School Library Network Toul Kork Campus TTP Secondary Fiction Bookshelves 01/09/2024   PAU 813.54 PZ7.P2843 FISSE01004 01/09/2024 1 01/09/2024 Books
    Dewey Decimal Classification     Fiction Footprints International School Library Network Toul Kork Campus Footprints International School Library Network Toul Kork Campus TTP Secondary Fiction Bookshelves 01/09/2024   PAU 813.54 PZ7.P2843 FIS00970 09/27/2024 2 01/09/2024 Books